Regions hit by London's "brain drain" (Record no. 67640)

MARC details
000 -LEADER
fixed length control field 00793cam a2200205 4500
001 - CONTROL NUMBER
control field WB3727-09
008 - FIXED-LENGTH DATA ELEMENTS--GENERAL INFORMATION
fixed length control field 000000n2001 000 0 eng u
035 ## - SYSTEM CONTROL NUMBER
System control number (Sirsi) u113548
245 ## - TITLE STATEMENT
Title Regions hit by London's "brain drain"
260 ## - PUBLICATION, DISTRIBUTION, ETC.
Date of publication, distribution, etc. 2001
490 ## - SERIES STATEMENT
Series statement Regeneration and Renewal
520 ## - SUMMARY, ETC.
Summary, etc. A report by the Local Futures Group reveals a poor distribution of highly-skilled labour in the UK workforce, with concentration in London and parts of southern England. The report, which proposes de-institutionalisation of the public sector, may be found at http://www.localfutures.com. Diagram.
590 ## - LOCAL NOTE (RLIN)
Local note WB
650 ## - SUBJECT ADDED ENTRY--TOPICAL TERM
Topical term or geographic name entry element WORKFORCE
650 ## - SUBJECT ADDED ENTRY--TOPICAL TERM
Topical term or geographic name entry element KNOWLEDGE ECONOMY
650 ## - SUBJECT ADDED ENTRY--TOPICAL TERM
Topical term or geographic name entry element REGIONAL DEVELOPMENT AGENCIES
650 ## - SUBJECT ADDED ENTRY--TOPICAL TERM
Topical term or geographic name entry element GRADUATES
690 ## - LOCAL SUBJECT ADDED ENTRY--TOPICAL TERM (OCLC, RLIN)
Topical term or geographic name as entry element ECONOMIC ISSUES
942 ## - ADDED ENTRY ELEMENTS (KOHA)
Suppress in OPAC 0
Holdings
Withdrawn status Lost status Source of classification or shelving scheme Damaged status Not for loan Home library Current library Shelving location Date acquired Total Checkouts Full call number Barcode Date last seen Copy number Price effective from Koha item type
    Dewey Decimal Classification     London London News article 09/07/2001   WB3727-09 113548-1001 06/08/2019 1 06/08/2019 News article